000 00284nam a22001337a 4500
008 180314b xxu||||| |||| 00| 0 eng d
020 _a9780958054430
041 _aeng
080 _a91
100 _a42
101 _aGJEO
245 _aAmerica wide
_cSchuller,R.H
942 _2udc
_cBK
999 _c45010
_d45010